000 00480nam a2200181Ia 4500
001 11454
005 20260306162829.0
008 260306t1966||||xx |||||||||||||| ||spa||
041 _aESP
082 _a985.054
_bCH557
100 _aChirinos Soto, Enrique
_eAUT
245 0 _aLa guerra del Perú y España:
_b(centenario del Combate del 2 de mayo de 1866
260 _c1966
300 _a56 páginas :
_c18 cm.
650 _aGEN
654 _aCHU
942 _cLIB
_dJUS
_fJUS
_2ddc
_n
999 _c11454
_d11454